000 00342nam a22001457a 4500
008 210312b ||||| |||| 00| 0 eng d
020 _a9780072414097
041 _aeng
080 _29th
_a37
082 _29th
_a37
100 _a25
101 _aEDU
245 _aA child's World -Infacy through Adolescence
_cPapalia,E.D
942 _2udc
_cBK
999 _c56568
_d56568